Ekonomické dôvody vstupu Slovenska do HMÚ: empirické explorácie na báze modelov VAR dizertačná práca
Na minha lista:
| Autor principal: | |
|---|---|
| Autor Corporativo: | |
| Outros Autores: | |
| Formato: | Livro |
| Idioma: | eslovaco |
| Publicado em: |
Bratislava
2011
|
| Assuntos: | |
| Tags: |
Sem tags, seja o primeiro a adicionar uma tag!
|
MARC
| LEADER | 00000nbm a2200000 4500 | ||
|---|---|---|---|
| 001 | 0142939 | ||
| 005 | 20230227094005.2 | ||
| 041 | 0 | |a slo | |
| 044 | |a SK | ||
| 245 | 1 | 0 | |a Ekonomické dôvody vstupu Slovenska do HMÚ: empirické explorácie na báze modelov VAR |b dizertačná práca |c Zdenka Střelecká ; školiteľ: Menbere Workie Tiruneh |
| 264 | 1 | |a Bratislava |c 2011 | |
| 300 | |a 152 s. | ||
| 610 | 2 | 0 | |a politika menová |
| 610 | 2 | 0 | |a konvergencia |
| 610 | 2 | 0 | |a modely |
| 610 | 2 | 0 | |a Slovensko |
| 610 | 2 | 0 | |a eurozóna |
| 100 | 1 | |a Střelecká, Zdenka | |
| 700 | 1 | |a Workie Tiruneh, Menbere | |
| 710 | 2 | |a Národohospodárska fakulta EU. Katedra bankovníctva a medzinárodných financií | |